U.S Presidents by Party - Statistics

General Stats
  • This quiz has been taken 39 times
  • The average score is 18 of 25
Answer Stats
Hint Answer % Correct
Joe Biden Democrat
90%
Jimmy Carter Democrat
90%
Bill Clinton Democrat
87%
Barack Obama Democrat
87%
John F. Kennedy Democrat
87%
Franklin D. Roosevelt Democrat
83%
Herbert Hoover Republican
83%
Richard Nixon Republican
83%
George W. Bush Republican
83%
Harry S. Truman Democrat
80%
Lyndon B. Johnson Democrat
80%
Dwight D. Eisenhower Republican
80%
Ronald Reagan Republican
80%
Gerald Ford Republican
77%
John Adams Federalist
70%
Theodore Roosevelt Republican
70%
Calvin Coolidge Republican
67%
James Madison Democratic-Republican
63%
Ulysses S. Grant Republican
63%
William Henry Harrison Whig
63%
Grover Cleveland Democrat
60%
James Monroe Democratic-Republican
60%
Millard Fillmore Whig
60%
Benjamin Harrison Republican
53%
Martin Van Buren Democrat
47%
No matching quizzes found
Score Distribution
Percent of People with Each Score
Percentile by Number Answered
Your Score History
You have not taken this quiz